Medagliere Canoa/Kayak ai Giochi Olimpici - Statistics

Statistiche generali
  • Questo quiz è stato fatto 13 volte
  • Il punteggio medio è 14 su 17
Statistiche sulle risposte
Medaglie complessive Medaglie d'Oro Medaglie d'Argento Medaglie di Bronzo Rappresentativa olimpica % Corretto
36 8 3 19 Francia
100%
77 34 19 24 Germania
100%
17 6 8 4 Italia
100%
19 5 10 6 Gran Bretagna
92%
19 5 7 4 Spagna
92%
17 6 7 6 Stati Uniti
92%
30 15 10 4 Svezia
92%
27 5 7 14 Australia
85%
26 4 8 11 Canada
85%
20 0 7 13 Polonia
85%
51 29 1 9 Unione Sovietica
77%
34 10 9 14 Romania
69%
17 4 6 8 Bulgaria
62%
30 14 11 9 Germania Est
62%
17 5 5 6 Repubblica Ceca
62%
20 8 11 5 Slovacchia
62%
86 28 31 27 Ungheria
62%
Nessun quiz corrispondente trovato
Distribuzione punteggi
Percentuale di utenti per punteggio
Percentile per numero di risposta
I tuoi punteggi nel tempo
Non hai fatto questo quiz